000 00910nam a2200265 a 4500
001 76710
003 BD-RjUL
005 20211209082857.0
008 200113r19651906enk 001 0 eng d
035 _aOCLC ocm06577931 from D950901M
035 _a(BD-RjUL)76934
040 _aIMC
_cIMC
_dEQO
_dBD-RjUL
_beng
041 _aeng
082 _223
_a821.08
_bPAP 1965
100 1 _aPalgrave, Francis Turner,
_d1824-1897.
_9237466
245 1 0 _aPalgrave's golden treasury :
_bwith a supplementary book of more modern poetry /
_cFrancis Turner Palgrave
260 _aLondon ;
_aNew York :
_bJ. M. Dent ;
_bE. P. Dutton,
_c1906 [reprinted 1965]
300 _axii, 483 p. ;
_c19 cm
490 _aEveryman's library :
_v96
500 _aFirst issue of this edition, 1906
504 _aSelect bibliography : p. x
650 0 _aEnglish poetry
_9237467
830 0 _aEveryman's library :
_v96.
_9237469
942 _2ddc
_cBK
999 _c76710
_d76710